Key Questions In Animal Behaviour And Welfare / (Record no. 566774)

MARC details
000 -LEADER
fixed length control field 00413nam a2200157Ia 4500
008 - FIXED-LENGTH DATA ELEMENTS--GENERAL INFORMATION
fixed length control field 241212s9999 xx 000 0 und d
020 ## - INTERNATIONAL STANDARD BOOK NUMBER
ISBN 9781789248975
Paper back/Hardbound pbk
082 ## - DEWEY DECIMAL CLASSIFICATION NUMBER
Classification number 591.5
Item number REE
100 ## - MAIN ENTRY--AUTHOR NAME
Personal name Rees, Dr. Paul
245 #0 - TITLE STATEMENT
Title Key Questions In Animal Behaviour And Welfare /
250 ## - EDITION STATEMENT
Edition statement First edition
260 ## - PUBLICATION, DISTRIBUTION, ETC. (IMPRINT)
Name of publisher Cabi Publishing,
Year of publication 2022
300 ## - PHYSICAL DESCRIPTION
Number of Pages 256 pages
650 ## - SUBJECT ADDED ENTRY--TOPICAL TERM
Topical Term Veterinary
942 ## - ADDED ENTRY ELEMENTS (KOHA)
Koha item type English Books
Holdings
Withdrawn status Lost status Damaged status Not for loan Home library Current library Shelving location Date acquired Full call number Accession Number Price effective from Koha item type
        Anna Centenary Library Anna Centenary Library COMPETITIVE SECTION - SEVENTH FLOOR 12.12.2024 591.5 REE 697238 12.12.2024 Reference
        Anna Centenary Library Anna Centenary Library COMPETITIVE SECTION - SEVENTH FLOOR 12.12.2024 591.5 REE 697237 12.12.2024 Reference

Find us on the map